Memories- Conan Gray (Lyrics) - Statistics

General Stats
  • This quiz has been taken 20 times
  • The average score is 410 of 457
Answer Stats
Section Lyrics % Correct
a
100%
all
100%
be
100%
drunk
100%
I
100%
"I
100%
in
100%
In
100%
kitchen
100%
me
100%
memories
100%
memories"
100%
my
100%
no
100%
say
100%
stay
100%
that
100%
That
100%
the
100%
to
100%
To
100%
we
100%
wish
100%
would
100%
You
100%
you
100%
your
100%
an
91%
and
91%
And
91%
busy
91%
Pre-Chorus But
91%
but
91%
can't
91%
Can't
91%
'cause
91%
'Cause
91%
cologne
91%
do
91%
end
91%
ever
91%
fighting
91%
good
91%
I'm
91%
just
91%
let
91%
letting
91%
listening
91%
make
91%
not
91%
past
91%
playing
91%
position
91%
put
91%
ruin
91%
show
91%
than
91%
things
91%
today
91%
tonight
91%
Too
91%
traumatized
91%
up
91%
victim
91%
were
91%
when
91%
you're
91%
You're
91%
as
82%
away
82%
back
82%
barely
82%
books
82%
bought
82%
clothes
82%
could
82%
dying
82%
feel
82%
For
82%
for
82%
friend
82%
grab
82%
hear
82%
here
82%
it
82%
Verse 1 It's
82%
it's
82%
like
82%
love
82%
lover
82%
makes
82%
night
82%
Now
82%
on
82%
other
82%
over
82%
own
82%
reason
82%
Pre-Chorus So
82%
still
82%
surviving
82%
time
82%
wanna
82%
whole
82%
again
73%
already
73%
at
73%
been
73%
believin'
73%
brown
73%
coat
73%
couple
73%
don't
73%
door
73%
each
73%
entrance
73%
everything
73%
exist
73%
eyes
73%
falling
73%
fetal
73%
from
73%
get
73%
"Goodbye"
73%
hard
73%
harder
73%
hold
73%
I'll
73%
is
73%
late
73%
long
73%
months
73%
Intro One
73%
one
73%
open
73%
please
73%
Please
73%
promise
73%
see
73%
somebody
73%
takes
73%
talk
73%
there's
73%
this
73%
trying
73%
turn
73%
was
73%
With
73%
about
64%
always
64%
beginning
64%
came
64%
crying
64%
curled
64%
dog
64%
doorbell
64%
ending
64%
enough
64%
felt
64%
guess
64%
haven't
64%
keep
64%
look
64%
pictures
64%
ringin'
64%
same
64%
Bridge Since
64%
smile
64%
somethin'
64%
stays
64%
stop
64%
That's
64%
while
64%
kinda
55%
pourin'
55%
two
55%
wet
55%
find
45%
if
45%
No matching quizzes found
Score Distribution
Percent of People with Each Score
Percentile by Number Answered
Your Score History
You have not taken this quiz